Представление документа в формате RUSMARC

ПолеНазваниеЗначение
  Тип записи a
  Библиографический уровень a
001 Контрольный номер RU/CBS_UL/BASE/653737682
005 Дата корректировки 20250122214509.4
100 Данные общей обработки __
a Данные общей обработки 20200918d2020 ||| 0rusy0189 ca
101 Язык документа 0_
a Язык текста rus
102 Страна публикации __
a Страна публикации RU
105 Кодированные данные (монография) __
a Кодированные данные (монография) y###||||000|y
181 Поле кодированных данных: вид содержания _1
a Код вида содержания (ISBD) i#
b Код характеристики содержания (ISBD) #xxe##
d i
g x
h x
i e
182 Поле кодированных данных: тип средства _1
a Код типа средства (ISBD) n
2 Код системы (источник кода, отличный от ISBD) isbdmedia
200 Заглавие и сведения об ответственности 1_
a Заглавие Когда зал вызовет на бис
b Общее обозначение материала Текст
e Сведения, относящиеся к заглавию [свое 45-летие знаменитый пианист Денис Мацуев отметит концертом в парке "Зарядье", с трансляцией онлайн]
f Первые сведения об ответственности Д. Мацуев ; беседовала И. Муравьева
w Текст (визуальный) : непосредственный
203 Вид содержания и тип средства __
a Вид содержания Текст
b Характеристика содержания визуальный
c Тип средства непосредственный
333 Примечание о целевом назначении __
a Примечание о целевом назначении 16+
461 Уровень набора _0
1 2000
a Российская газета
463 Уровень физической единицы _0
1 001RU/CBS_UL/BASE/653737471
1 2000
a № 125 (10-16 июня)
v С. 12
1 210
d 2020
600 Персоналии _0
a Персоналии (Фамилия) Мацуев
b Персоналии (Имя, инициалы) Д. Л.
606 Тематические рубрики 0_
a Основная рубрика Мацуев, Денис Леонидович (1975)
610 Ключевые слова 0_
a Ключевые слова музыка симфоническая
610 Ключевые слова 0_
a Ключевые слова музыканты
610 Ключевые слова 0_
a Ключевые слова музыка классическая
610 Ключевые слова 0_
a Ключевые слова музыкальное исполнительство
610 Ключевые слова 0_
a Ключевые слова репертуар
610 Ключевые слова 0_
a Ключевые слова пианисты
610 Ключевые слова 0_
a Ключевые слова российские пианисты
686 Индексы других классификаций __
a Классификационный индекс 85.316
2 Код системы rubbk
700 Автор _1
a Фамилия Мацуев
b Имя (инициалы) Д.
801 Источник записи _0
a Страна RU
b Организация МБУК ЦБС г. Ульяновска
c Дата составления 20200918
g Правила каталогизации RCR
801 Источник записи _1
a Страна RU
b Организация МБУК ЦБС г. Ульяновска
c Дата составления 20200918
g Правила каталогизации RCR
901 Тип документа __
t Тип документа f
w Контрольный № источника RU/CBS_UL/BASE/653737471
910 Корректоры записи __
a Корректор записи Волобуева
938 Служебная информация __
a Имя БД period